Gunther Gerzso /

Guardado en:
Detalles Bibliográficos
Autor principal: Gerzso, Gunther (artista)
Otros autores: Cardoza y Aragón, Luis (texto) (texto)
Formato: Libro
Idioma:Español
Publicado: México : UNAM, Dirección General de Publicaciones, 1972, c1972
Etiquetas: Agrega una etiqueta
Sin etiquetas, Sé el primero en etiquetar este registro!

MARC

LEADER 00000nam^a2200000^a^4500
001 000571643
005 20250521000000.0
009 20260310132253.854
037 |a Acervo Xavier Clavigero 
041 |a ESP 
091 |a FPA. 03368 
100 |a Gerzso, Gunther  |e (artista) 
245 1 0 |a Gunther Gerzso / 
264 4 |a México :  |b UNAM, Dirección General de Publicaciones,  |c 1972, c1972 
300 |a 34 p., 111 láminas 
336 |a texto  |b txt  |2 rdacontenido 
337 |a sin mediación  |b n  |2 rdamedio 
338 |a volumen  |b nc  |2 rdasoporte 
649 |a XX 
700 |a Cardoza y Aragón, Luis  |e (texto) 
910 |a Fondo José Ignacio Palencia Gómez S.J. 
920 |a Impresos - Libros 
930 |a Fondos Especiales 
905 |a 137 
901 |a 0500358068  |b IT2  |c ESL  |i D  |u 20250521 
902 |a https://opac.biblio.iteso.mx/vufind/Record/000571643